[Event "Ukrainian e-mail Cup, the 2nd semifinal"]
[Site "2PFK"]
[Date "2003.??.??"]
[Round "?"]
[White "Kulik, G.."]
[Black "Bubir, A.."]
[Result "0-1"]
[WhiteElo "2100"]
[BlackElo "2181"]
[PlyCount "36"]
[EventDate "2003.??.??"]

1. e4 c5 2. Nf3 d6 3. d4 cxd4 4. Nxd4 Nf6 5. Nc3 a6 6. Bg5 e6 7. f4 Be7 8. Qf3
Qc7 9. O-O-O Nbd7 10. Bd3 b5 11. Rhe1 Bb7 12. Qg3 b4 13. Nd5 exd5 14. exd5 Kd8
15. Qe3 Nb6 16. Nf5 Nbxd5 17. Qe2 Rc8 18. Qf2 Qc5 0-1

[Event "Ukrainian e-mail Cup, the 2nd semifinal"]
[Site "2PFK"]
[Date "2003.??.??"]
[Round "?"]
[White "Omesj, V.."]
[Black "Khudoly, K.."]
[Result "0-1"]
[WhiteElo "2000"]
[BlackElo "2100"]
[PlyCount "72"]
[EventDate "2003.??.??"]

1. e4 c6 2. d4 d5 3. Nc3 dxe4 4. Nxe4 Nd7 5. Nf3 Ngf6 6. Nxf6+ Nxf6 7. Bc4 Bf5
8. Qe2 e6 9. Bg5 h6 10. Bh4 Be7 11. O-O-O Nd5 12. Bxe7 Qxe7 13. Bxd5 cxd5 14.
Qb5+ Qd7 15. Qxd7+ Kxd7 16. Ne5+ Ke7 17. Rhe1 Rhc8 18. c3 b5 19. Kd2 b4 20.
cxb4 Rc2+ 21. Ke3 f6 22. Nd3 Bxd3 23. Rxd3 Rxb2 24. Rc1 Rxa2 25. Rc7+ Kf8 26.
Rdc3 Re8 27. Rd7 Re7 28. Rc8+ Kf7 29. Rcc7 Rxd7 30. Rxd7+ Kg6 31. g4 Ra3+ 32.
Ke2 Ra4 33. Ke3 Rxb4 34. Rxa7 e5 35. dxe5 fxe5 36. f3 36... Rb3+ {
The Blacks have stopped to correspond.} 0-1

[Event "Ukrainian e-mail Cup, the 2nd semifinal"]
[Site "2PFK"]
[Date "2003.??.??"]
[Round "?"]
[White "Rybchenko, A.."]
[Black "Ugrinovsky, A.."]
[Result "1-0"]
[WhiteElo "2105"]
[BlackElo "2275"]
[PlyCount "65"]
[EventDate "2003.??.??"]

1. e4 e5 2. Nf3 Nc6 3. Bb5 a6 4. Ba4 Nf6 5. O-O Be7 6. Re1 b5 7. Bb3 O-O 8. c3
d5 9. exd5 Nxd5 10. Nxe5 Nxe5 11. Rxe5 c6 12. d4 Bd6 13. Re1 Qh4 14. g3 Qh3 15.
Be3 Bg4 16. Qd3 Rae8 17. Nd2 Re6 18. a4 f5 19. Qf1 Qh5 20. f4 g5 21. axb5 gxf4
22. Bxf4 Be2 23. Bxd6 Bxf1 24. Rxe6 Qf7 25. Re7 Qf6 26. bxc6 Qxd6 27. Rd7 Qh6
28. Bxd5+ Kh8 29. Nxf1 f4 30. c7 fxg3 31. Rd8 Qf6 32. Rxf8+ Qxf8 33. Bb7 1-0

[Event "Ukrainian e-mail Cup, the 2nd semifinal"]
[Site "2PFK"]
[Date "2003.??.??"]
[Round "?"]
[White "Saenko, O.."]
[Black "Sukhov, N.."]
[Result "1/2-1/2"]
[WhiteElo "2291"]
[BlackElo "2000"]
[PlyCount "72"]
[EventDate "2003.??.??"]

1. e4 c5 2. Nf3 Nc6 3. Bb5 Nf6 4. Nc3 g6 5. O-O Bg7 6. d3 O-O 7. e5 Ne8 8. Bxc6
dxc6 9. Be3 b6 10. h3 h6 11. a4 a5 12. d4 cxd4 13. Nxd4 Bb7 14. f4 c5 15. Ndb5
Qc8 16. Rf2 Bc6 17. Qd3 Nc7 18. Rd1 Na6 19. Rfd2 Nb4 20. Qc4 Qf5 21. Ne2 Qe4
22. Qxe4 Bxe4 23. c3 Na6 24. g4 Bc6 25. Ng3 Bf3 26. Rf1 Bc6 27. b3 Rfd8 28.
Rfd1 Rxd2 29. Rxd2 Kf8 30. Kf2 Ke8 31. Na3 Nc7 32. Nc4 Rb8 33. Rd3 Nd5 34. Bd2
Ba8 35. f5 b5 36. axb5 Rxb5 1/2-1/2

[Event "Ukrainian e-mail Cup, the 2nd semifinal"]
[Site "2PFK"]
[Date "2003.??.??"]
[Round "?"]
[White "Svidlo, A.."]
[Black "Sokolov, V.."]
[Result "0-1"]
[WhiteElo "2000"]
[BlackElo "2000"]
[PlyCount "46"]
[EventDate "2003.??.??"]

1. e4 c5 2. Nf3 Nc6 3. Bb5 g6 4. O-O Bg7 5. c3 Nf6 6. Bxc6 dxc6 7. d3 O-O 8.
Na3 Qc7 9. g3 Bh3 10. Re1 h6 11. Be3 b6 12. Bf4 Qc8 13. Nc4 Ng4 14. Ne3 e5 15.
Nxg4 Bxg4 16. Bc1 Qe6 17. Re3 f5 18. Kg2 f4 19. gxf4 Bh3+ 20. Kh1 Qg4 21. Qb3+
Kh7 22. Ng5+ hxg5 23. Rg3 Qh5 0-1

[Event "Ukrainian e-mail Cup, the 2nd semifinal"]
[Site "2PFK"]
[Date "2003.??.??"]
[Round "?"]
[White "Sukhov, N.."]
[Black "Svidlo, A.."]
[Result "1-0"]
[WhiteElo "2000"]
[BlackElo "2000"]
[PlyCount "39"]
[EventDate "2003.??.??"]

1. e4 e5 2. Nf3 Nc6 3. Bb5 a6 4. Bxc6 dxc6 5. O-O f6 6. d4 Bg4 7. c3 Bd6 8.
Nbd2 Ne7 9. Qb3 Ra7 10. dxe5 Bxe5 11. Nxe5 fxe5 12. h3 Be2 13. Re1 Bh5 14. Nc4
Bf7 15. Bg5 h6 16. Rad1 Qa8 17. Bxe7 Bxc4 18. Qxc4 Kxe7 19. Qc5+ Kf6 20. Re3
1-0

[Event "Ukrainian e-mail Cup, the 2nd semifinal"]
[Site "2PFK"]
[Date "2003.??.??"]
[Round "?"]
[White "Khudoly, K.."]
[Black "Rybchenko, A.."]
[Result "1-0"]
[WhiteElo "2100"]
[BlackElo "2105"]
[PlyCount "81"]
[EventDate "2003.??.??"]

1. Nf3 Nf6 2. g3 g6 3. b3 Bg7 4. Bb2 O-O 5. Bg2 c5 6. c4 Nc6 7. O-O d6 8. d4
cxd4 9. Nxd4 Bd7 10. Nc2 Qc8 11. Nc3 Bh3 12. Ne3 Bxg2 13. Kxg2 Ne4 14. Qc2 Ng5
15. Ncd5 Bxb2 16. Qxb2 Qe6 17. f4 Qe4+ 18. Rf3 Nxf3 19. exf3 Qd4 20. Nxe7+ Kh8
21. Qxd4+ Nxd4 22. f5 gxf5 23. N7xf5 Rfe8 24. Kf2 Nxf5 25. Nxf5 Re6 26. Rd1 Rd8
27. Rd5 b6 28. g4 Kg8 29. h4 Kf8 30. a3 Rd7 31. h5 a6 32. a4 Rd8 33. Rd3 Rd7
34. Rd1 Rd8 35. Nd4 Ree8 36. Nc6 Rd7 37. Nb4 b5 38. axb5 axb5 39. c5 Rde7 40.
Rxd6 f5 41. gxf5 1-0

[Event "Ukrainian e-mail Cup, the 2nd semifinal"]
[Site "2PFK"]
[Date "2003.??.??"]
[Round "?"]
[White "Bubir, A.."]
[Black "Omesj, V.."]
[Result "1-0"]
[WhiteElo "2181"]
[BlackElo "2000"]
[PlyCount "53"]
[EventDate "2003.??.??"]

1. e4 Nf6 2. e5 Nd5 3. d4 d6 4. Nf3 Bg4 5. Be2 e6 6. O-O Be7 7. c4 Nb6 8. Nc3
O-O 9. Be3 d5 10. c5 Bxf3 11. gxf3 Nc8 12. f4 Bh4 13. Bd3 g6 14. f5 exf5 15.
Qf3 Nc6 16. Rad1 Nb4 17. Bb1 c6 18. Bh6 Re8 19. Kh1 Bg5 20. Bxg5 Qxg5 21. Rg1
Qh6 22. Bxf5 Ne7 23. Bd7 Red8 24. Bg4 Kf8 25. Ne2 Na6 26. Be6 Qg7 27. Nf4 1-0

[Event "Ukrainian e-mail Cup, the 2nd semifinal"]
[Site "2PFK"]
[Date "2003.??.??"]
[Round "?"]
[White "Degteriov, P.."]
[Black "Kulik, G.."]
[Result "1-0"]
[WhiteElo "2081"]
[BlackElo "2100"]
[PlyCount "65"]
[EventDate "2003.??.??"]

1. e4 e5 2. Nf3 Nc6 3. Bb5 a6 4. Ba4 d6 5. d4 b5 6. Bb3 Nxd4 7. Nxd4 exd4 8.
Bd5 Rb8 9. Bc6+ Bd7 10. Bxd7+ Qxd7 11. Qxd4 Nf6 12. Nc3 Be7 13. Be3 O-O 14. f3
b4 15. Ne2 c5 16. Qd3 Qc6 17. Rd1 Qa4 18. b3 Qxa2 19. O-O c4 20. bxc4 Rfc8 21.
Qb3 Qa5 22. Ra1 Qc7 23. Rxa6 Qxc4 24. Qxc4 Rxc4 25. Rd1 Bf8 26. Rd2 Rbc8 27.
Ra2 h5 28. Bd4 Nd7 29. Nf4 g6 30. Nd5 Bh6 31. Be3 Kg7 32. Kf2 h4 33. Rb2 1-0

[Event "Ukrainian e-mail Cup, the 2nd semifinal"]
[Site "2PFK"]
[Date "2003.??.??"]
[Round "?"]
[White "Zhelezny, A.."]
[Black "Krainyk, T.."]
[Result "0-1"]
[WhiteElo "2000"]
[BlackElo "2100"]
[PlyCount "52"]
[EventDate "2003.??.??"]

1. e4 e5 2. f4 exf4 3. Nf3 g5 4. h4 g4 5. Ne5 d6 6. Nxg4 Be7 7. d4 Bxh4+ 8. Nf2
Bg3 9. Qf3 Qg5 10. Nc3 Nc6 11. Bb5 Nge7 12. d5 a6 13. Bxc6+ bxc6 14. Bd2 cxd5
15. O-O-O d4 16. Ne2 Rb8 17. Nxf4 Bxf4 18. Bxf4 Qf6 19. g3 Ng6 20. Rh6 Rb5 21.
Rdh1 Qg7 22. Kb1 Be6 23. Nd3 Ne7 24. R1h2 Ng6 25. a4 Rb6 26. Bg5 26... Ne5 {
The Whites have stopped corresponding.} 0-1

[Event "Ukrainian e-mail Cup, the 2nd semifinal"]
[Site "2PFK"]
[Date "2003.01.09"]
[Round "10"]
[White "Zhila, V.."]
[Black "Landik, Yu."]
[Result "1/2-1/2"]
[WhiteElo "2000"]
[BlackElo "2000"]
[PlyCount "52"]
[EventDate "2003.??.??"]

1. e4 e5 2. Nf3 Nc6 3. d4 exd4 4. c3 dxc3 5. Nxc3 Bb4 6. Bc4 Nf6 7. O-O Bxc3 8.
bxc3 d6 9. e5 Nxe5 10. Nxe5 dxe5 11. Qb3 Qe7 12. Ba3 c5 13. Bb5+ Bd7 14. Bxd7+
Qxd7 15. Bxc5 Ne4 16. Ba3 Nd2 17. Qb4 O-O-O 18. Rfd1 Qc6 19. Qa5 Rd5 20. Qxa7
Rhd8 21. Rdc1 Nc4 22. Bb4 Qa6 23. Qxa6 bxa6 24. a4 a5 25. Be7 R8d7 26. Bh4 f6
1/2-1/2

[Event "Ukrainian e-mail Cup, the 2nd semifinal"]
[Site "2PFK"]
[Date "2003.??.??"]
[Round "?"]
[White "Krainyk, T.."]
[Black "Zhila, V.."]
[Result "1-0"]
[WhiteElo "2100"]
[BlackElo "2000"]
[PlyCount "63"]
[EventDate "2003.??.??"]

1. e4 c5 2. Nf3 Nc6 3. d4 cxd4 4. Nxd4 Nf6 5. Nc3 e5 6. Ndb5 d6 7. Bg5 a6 8.
Na3 b5 9. Bxf6 gxf6 10. Nd5 Bg7 11. c3 f5 12. exf5 Bxf5 13. Nc2 Be6 14. g3 Rc8
15. a4 Nd4 16. Nce3 O-O 17. Bg2 Nc6 18. axb5 axb5 19. O-O f5 20. Qh5 f4 21. Be4
Rf7 22. gxf4 exf4 23. Bxh7+ Kf8 24. Bf5 Qe8 25. Nxf4 Bxf5 26. Nxf5 Qd7 27. Ng6+
Kg8 28. Nxg7 Rxg7 29. Kh1 Ne5 30. Rg1 Qb7+ 31. f3 Nxf3 32. Rg2 1-0

[Event "Ukrainian e-mail Cup, the 2nd semifinal"]
[Site "2PFK"]
[Date "2003.??.??"]
[Round "?"]
[White "Kuznetsov, I.."]
[Black "Zhelezny, A.."]
[Result "1-0"]
[WhiteElo "2000"]
[BlackElo "2000"]
[PlyCount "93"]
[EventDate "2003.??.??"]

1. e4 c5 2. Nf3 Nc6 3. Bb5 e6 4. O-O Nge7 5. c3 a6 6. Ba4 b5 7. Bc2 d5 8. e5 d4
9. Be4 d3 10. b3 Rb8 11. Ba3 b4 12. Bb2 Bb7 13. a3 bxa3 14. Nxa3 Na5 15. Bxb7
Rxb7 16. b4 cxb4 17. cxb4 Rxb4 18. Bc3 Nec6 19. Bxb4 Bxb4 20. Qa4 O-O 21. Rfc1
Qd5 22. Rab1 Bxa3 23. Qxa3 Nc4 24. Qxa6 N6xe5 25. Nxe5 Nxe5 26. Rc8 Ng6 27. g3
Qe4 28. Rxf8+ Nxf8 29. Qc8 h5 30. h4 Qd5 31. Rb8 Qd6 32. Qe8 e5 33. Rd8 Qc5 34.
Rxd3 Qc2 35. Rd8 Qc1+ 36. Kg2 Qc5 37. Rc8 Qd6 38. d3 g6 39. Kh2 Kg7 40. Kg1 Kg8
41. Rd8 Qb4 42. Qxe5 Qb1+ 43. Kg2 Qb7+ 44. Qe4 Qxe4+ 45. dxe4 Kg7 46. Rxf8 Kxf8
47. g4 1-0

[Event "Ukrainian e-mail Cup, the 2nd semifinal"]
[Site "2PFK"]
[Date "2003.??.??"]
[Round "?"]
[White "Kulik, G.."]
[Black "Dovzhenko, V.."]
[Result "0-1"]
[WhiteElo "2100"]
[BlackElo "2231"]
[PlyCount "28"]
[EventDate "2003.??.??"]

1. e4 e5 2. f4 exf4 3. Nf3 d5 4. exd5 Nf6 5. Bb5+ c6 6. dxc6 Nxc6 7. d4 Bd6 8.
O-O O-O 9. c4 Bg4 10. Nc3 Rc8 11. Ne2 Nxd4 12. Nexd4 a6 13. Kh1 Be5 14. Nc6
bxc6 0-1

[Event "Ukrainian e-mail Cup, the 2nd semifinal"]
[Site "2PFK"]
[Date "2003.??.??"]
[Round "?"]
[White "Omesj, V.."]
[Black "Degteriov, P.."]
[Result "0-1"]
[WhiteElo "2000"]
[BlackElo "2081"]
[PlyCount "78"]
[EventDate "2003.??.??"]

1. e4 e5 2. Nf3 Nc6 3. Bb5 a6 4. Ba4 Nf6 5. O-O Be7 6. Re1 b5 7. Bb3 d6 8. c3
O-O 9. h3 h6 10. d4 Re8 11. Nbd2 Bf8 12. Nf1 Bb7 13. Ng3 Na5 14. Bc2 Nc4 15.
Bd3 Nb6 16. Bd2 d5 17. Nxe5 dxe4 18. Bc2 c5 19. Nh5 Nxh5 20. Qxh5 Rxe5 21. Qxe5
Nc4 22. Qh5 Nxd2 23. d5 Nc4 24. b3 Nd6 25. Bxe4 g6 26. Bxg6 fxg6 27. Qxg6+ Kh8
28. Re5 Qc7 29. Rae1 c4 30. g4 Qg7 31. Qh5 Rd8 32. h4 Qf7 33. Qxf7 Nxf7 34. Re8
Rxe8 35. Rxe8 Kg7 36. bxc4 bxc4 37. Re6 Bd6 38. g5 hxg5 39. hxg5 39... Bxd5 {
The Whites have stopped corresponding.} 0-1

[Event "Ukrainian e-mail Cup, the 2nd semifinal"]
[Site "2PFK"]
[Date "2003.??.??"]
[Round "?"]
[White "Saenko, O.."]
[Black "Khudoly, K.."]
[Result "1-0"]
[WhiteElo "2291"]
[BlackElo "2100"]
[PlyCount "125"]
[EventDate "2003.??.??"]

1. e4 c6 2. d4 d5 3. e5 Bf5 4. Nf3 e6 5. Be2 c5 6. O-O Nc6 7. c3 cxd4 8. Nxd4
Nxd4 9. cxd4 Ne7 10. Nc3 Nc6 11. Be3 Bb4 12. Rc1 O-O 13. f4 f6 14. g4 Bg6 15.
f5 Bf7 16. exf6 Qxf6 17. g5 Qd8 18. Bg4 exf5 19. Bxf5 Ne7 20. Bh3 Qb6 21. Qb3
Be6 22. Bg2 Rxf1+ 23. Rxf1 Rd8 24. Na4 Qa5 25. a3 Bd6 26. Nc5 Bxc5 27. dxc5 Qc7
28. Bf2 Qc8 29. Re1 Ng6 30. Qe3 Bf7 31. Bh3 Qc6 32. Qd4 Nf8 33. b4 Qg6 34. Qg4
Qd3 35. Qf5 Qc3 36. Re7 Bg6 37. Qe5 Qxe5 38. Rxe5 d4 39. Bg2 d3 40. Rd5 Rxd5
41. Bxd5+ Bf7 42. Bf3 Be8 43. Kf1 Bc6 44. Bg4 Bd7 45. Bxd7 Nxd7 46. c6 bxc6 47.
Bxa7 Kf8 48. a4 Ke7 49. a5 Kd6 50. Be3 Kc7 51. Ke1 Kb7 52. Kd2 Ka6 53. Kxd3 Kb5
54. h4 g6 55. Ke4 Ka6 56. Bf4 c5 57. bxc5 Nxc5+ 58. Kd5 Nb3 59. Ke5 Kxa5 60.
Bg3 Kb5 61. Kf6 Nd4 62. Kg7 Nf5+ 63. Kxh7 1-0

[Event "Ukrainian e-mail Cup, the 2nd semifinal"]
[Site "2PFK"]
[Date "2003.??.??"]
[Round "?"]
[White "Sokolov, V.."]
[Black "Sukhov, N.."]
[Result "1/2-1/2"]
[WhiteElo "2000"]
[BlackElo "2000"]
[PlyCount "60"]
[EventDate "2003.??.??"]

1. e4 c5 2. Nf3 Nc6 3. d4 cxd4 4. Nxd4 e5 5. Nb5 Nf6 6. N1c3 d6 7. Nd5 Nxd5 8.
exd5 Ne7 9. c4 Nf5 10. Bd3 Be7 11. O-O a6 12. Nc3 O-O 13. Re1 Nh4 14. g3 Ng6
15. Be3 f5 16. f4 Bf6 17. Rc1 Re8 18. Kh1 Re7 19. Qd2 Rb8 20. fxe5 Nxe5 21. Be2
b6 22. Rf1 Qe8 23. Bg5 Bxg5 24. Qxg5 h6 25. Qd2 Bd7 26. b4 Qg6 27. Qd4 Ree8 28.
a3 Qg5 29. Rce1 Rec8 30. Nb1 Qf6 1/2-1/2

[Event "Ukrainian e-mail Cup, the 2nd semifinal"]
[Site "2PFK"]
[Date "2003.??.??"]
[Round "?"]
[White "Ugrinovsky, A.."]
[Black "Sokolov, V.."]
[Result "0-1"]
[WhiteElo "2275"]
[BlackElo "2000"]
[PlyCount "92"]
[EventDate "2003.??.??"]

1. e4 c5 2. Nf3 Nc6 3. d4 cxd4 4. Nxd4 Nf6 5. Nc3 e5 6. Ndb5 d6 7. Bg5 a6 8.
Na3 b5 9. Bxf6 gxf6 10. Nd5 f5 11. Bd3 Be6 12. Qh5 Rg8 13. g3 h6 14. c3 Rc8 15.
Qd1 Bg7 16. Nc2 Bxd5 17. exd5 Ne7 18. a4 e4 19. Be2 Rc5 20. Ne3 Be5 21. axb5
axb5 22. Qb3 Kf8 23. Bxb5 f4 24. gxf4 Bxf4 25. c4 Rg6 26. Nc2 Nf5 27. Qh3 Qf6
28. Ra2 Nh4 29. Ke2 Rg2 30. Ne1 Rxb5 31. Nxg2 Rxb2+ 32. Rxb2 Qxb2+ 33. Kf1 Qb1+
34. Ne1 Nf3 35. Qc8+ Ke7 36. Qc7+ Kf6 37. Ke2 Qa2+ 38. Kf1 e3 39. fxe3 Nd2+ 40.
Kg1 Ne4 41. Nd3 Qb1+ 42. Kg2 Qxd3 43. Qd8+ Kg7 44. Re1 Qd2+ 45. Kf3 Qxe1 46.
Kxf4 Nd2 0-1

[Event "Ukrainian e-mail Cup, the 2nd semifinal"]
[Site "2PFK"]
[Date "2003.??.??"]
[Round "?"]
[White "Khudoly, K.."]
[Black "Svidlo, A.."]
[Result "1-0"]
[WhiteElo "2100"]
[BlackElo "2000"]
[PlyCount "49"]
[EventDate "2003.??.??"]

1. e4 e6 2. d4 d5 3. e5 c5 4. c3 Nc6 5. Nf3 Qb6 6. a3 f6 7. b4 cxd4 8. cxd4
fxe5 9. dxe5 Nge7 10. Bd3 Qc7 11. Bb2 g6 12. b5 Nb8 13. Nbd2 Bh6 14. Rc1 Qa5
15. Qc2 O-O 16. h4 Bd7 17. Bc3 Qxa3 18. h5 Kg7 19. Ra1 Qc5 20. Nb3 Qc7 21. hxg6
hxg6 22. Bd2 Bxd2+ 23. Qxd2 Rxf3 24. Qh6+ Kf7 25. Qh8 1-0

[Event "Ukrainian e-mail Cup, the 2nd semifinal"]
[Site "2PFK"]
[Date "2003.??.??"]
[Round "?"]
[White "Bubir, A.."]
[Black "Saenko, O.."]
[Result "1/2-1/2"]
[WhiteElo "2181"]
[BlackElo "2291"]
[PlyCount "53"]
[EventDate "2003.??.??"]

1. e4 c5 2. Nf3 d6 3. d4 cxd4 4. Nxd4 Nf6 5. Nc3 Nc6 6. Bg5 e6 7. Qd2 a6 8.
O-O-O h6 9. Be3 Nxd4 10. Bxd4 b5 11. f4 Be7 12. Qe3 Bb7 13. Bxf6 Bxf6 14. e5
Be7 15. exd6 Bxd6 16. Ne4 Bxe4 17. Qxe4 O-O 18. Bd3 g6 19. h4 Qf6 20. Rdf1 Qf5
21. Qf3 Qd5 22. Qxd5 exd5 23. h5 Kg7 24. Rh4 Rab8 25. Rg4 Rb6 26. Re1 b4 27.
Re2 1/2-1/2

[Event "Ukrainian e-mail Cup, the 2nd semifinal"]
[Site "2PFK"]
[Date "2003.??.??"]
[Round "?"]
[White "Degteriov, P.."]
[Black "Rybchenko, A.."]
[Result "1/2-1/2"]
[WhiteElo "2081"]
[BlackElo "2105"]
[PlyCount "119"]
[EventDate "2003.??.??"]

1. e4 e5 2. Nf3 Nc6 3. Bb5 g6 4. O-O Bg7 5. c3 a6 6. Bc4 d6 7. d4 exd4 8. cxd4
Nge7 9. Nc3 O-O 10. d5 Ne5 11. Nxe5 dxe5 12. Be3 Qd6 13. a3 Bd7 14. b4 b6 15.
Qe2 a5 16. bxa5 Rxa5 17. a4 Rfa8 18. Qc2 f5 19. Rfd1 Kh8 20. Nb5 Bxb5 21. Bxb5
fxe4 22. Qxe4 Nc8 23. Bd2 R5a7 24. Bc6 Rb8 25. Be3 Qf8 26. Rac1 Nd6 27. Qh4 Nf5
28. Qg4 Qf7 29. Qe4 Rf8 30. f3 Qf6 31. Re1 Rf7 32. Bf2 Ra5 33. Qd3 Re7 34. Re4
Nd6 35. Re2 Qf4 36. Rce1 Bf6 37. Be3 Qc4 38. Qxc4 Nxc4 39. Bf2 g5 40. h4 h6 41.
Kh2 Kg7 42. h5 Nd6 43. Bg3 Rc5 44. Bxe5 Rxe5 45. Rxe5 Bxe5+ 46. Rxe5 Kf7 47.
Kh3 Rc1 48. g4 Rc4 49. Re3 Rf4 50. Kg3 Kg7 51. Re7+ Rf7 52. Re6 Rf6 53. Re2 Rf4
54. Kf2 Kf7 55. Re6 Rf6 56. Re5 Rf4 57. Bb5 Rf6 58. Re1 Kf8 59. Re6 Kf7 60. Re2
1/2-1/2

[Event "Ukrainian e-mail Cup, the 2nd semifinal"]
[Site "2PFK"]
[Date "2003.??.??"]
[Round "?"]
[White "Dovzhenko, V.."]
[Black "Omesj, V.."]
[Result "1-0"]
[WhiteElo "2231"]
[BlackElo "2000"]
[PlyCount "45"]
[EventDate "2003.??.??"]

1. e4 Nf6 2. e5 Nd5 3. d4 d6 4. Nf3 Bg4 5. Be2 e6 6. O-O Be7 7. c4 Nb6 8. h3
Bh5 9. Nc3 O-O 10. Be3 d5 11. c5 Bxf3 12. gxf3 Nc8 13. f4 Bh4 14. Kh2 Ne7 15.
Bd3 g6 16. Rg1 Kh8 17. Qb3 b6 18. Rg4 Nf5 19. Bxf5 gxf5 20. Rg2 Nc6 21. Rag1
bxc5 22. Qd1 Ne7 23. dxc5 {The Blacks have stopped corresponding.} 1-0

[Event "Ukrainian e-mail Cup, the 2nd semifinal"]
[Site "2PFK"]
[Date "2003.??.??"]
[Round "?"]
[White "Zhelezny, A.."]
[Black "Kulik, G.."]
[Result "1-0"]
[WhiteElo "2000"]
[BlackElo "2100"]
[PlyCount "39"]
[EventDate "2003.??.??"]

1. e4 e5 2. f4 exf4 3. Nf3 d6 4. Bc4 h6 5. d4 g5 6. O-O Bg7 7. e5 d5 8. Bd3 Ne7
9. b3 Nbc6 10. Bb2 Be6 11. Qd2 Qd7 12. Nc3 O-O 13. Na4 b6 14. Ba3 g4 15. Bb5
gxf3 16. Bxe7 fxg2 17. Qxg2 Qxe7 18. Bxc6 Rad8 19. Rxf4 Kh8 20. Qf2 1-0

[Event "Ukrainian e-mail Cup, the 2nd semifinal"]
[Site "2PFK"]
[Date "2003.??.??"]
[Round "?"]
[White "Zhila, V.."]
[Black "Kuznetsov, I.."]
[Result "0-1"]
[WhiteElo "2000"]
[BlackElo "2000"]
[PlyCount "56"]
[EventDate "2003.??.??"]

1. e4 e5 2. Nf3 Nc6 3. d4 exd4 4. Nxd4 Bc5 5. Nb3 Bb4+ 6. Bd2 a5 7. a3 Bxd2+ 8.
Qxd2 a4 9. Nd4 Nge7 10. Nc3 O-O 11. Bb5 Nxd4 12. Qxd4 d6 13. Bxa4 Ng6 14. Bb5
c6 15. Be2 Nf4 16. Bf3 f5 17. O-O-O fxe4 18. Nxe4 d5 19. Nc5 b6 20. Nd3 Nxd3+
21. Rxd3 b5 22. Re1 Ra4 23. Qe3 Qd6 24. Qg5 Bf5 25. Re7 Bg6 26. Rc3 Rf5 27. Qe3
d4 28. Rd3 Rxf3 0-1

[Event "Ukrainian e-mail Cup, the 2nd semifinal"]
[Site "2PFK"]
[Date "2003.01.??"]
[Round "?"]
[White "Landik, Yu."]
[Black "Krainyk, T.."]
[Result "0-1"]
[WhiteElo "2000"]
[BlackElo "2100"]
[PlyCount "72"]
[EventDate "2003.??.??"]

1. e4 e5 2. Nf3 Nc6 3. Bc4 Nf6 4. Ng5 d5 5. exd5 Na5 6. Bb5+ c6 7. dxc6 bxc6 8.
Be2 h6 9. Nh3 Bc5 10. O-O Qc7 11. d3 Nb7 12. Nd2 O-O 13. Bf3 Nd6 14. Re1 Re8
15. Nb3 Bb6 16. c4 Bxh3 17. gxh3 Nb7 18. Bg2 a5 19. Qf3 a4 20. Nd2 Nc5 21. Qxc6
Qa7 22. Re3 Ne6 23. Ne4 Nxe4 24. Qxe4 Rab8 25. Qxe5 Bd4 26. Qg3 a3 27. Bc6 Red8
28. Re2 axb2 29. Bxb2 Bxb2 30. Rae1 Bc3 31. Rxe6 fxe6 32. Rxe6 Bd4 33. Re2 Rb6
34. Qf3 Qa5 35. h4 Kh8 36. Kg2 Qc5 0-1

[Event "Ukrainian e-mail Cup, the 2nd semifinal"]
[Site "2PFK"]
[Date "2003.??.??"]
[Round "?"]
[White "Kuznetsov, I.."]
[Black "Landik, Yu."]
[Result "1-0"]
[WhiteElo "2000"]
[BlackElo "2000"]
[PlyCount "37"]
[EventDate "2003.??.??"]

1. e4 e5 2. Nf3 Nc6 3. Bb5 f5 4. Nc3 fxe4 5. Nxe4 Be7 6. Qe2 Nb4 7. Nxe5 Nxc2+
8. Kd1 Nxa1 9. Qh5+ g6 10. Nxg6 hxg6 11. Qxh8 Kf8 12. d4 g5 13. h4 Bf6 14. Qh5
d5 15. Nxg5 Bxg5 16. hxg5 Qe7 17. Rh4 Bf5 18. Rf4 Qf7 19. g6 1-0

[Event "Ukrainian e-mail Cup, the 2nd semifinal"]
[Site "2PFK"]
[Date "2003.??.??"]
[Round "?"]
[White "Kulik, G.."]
[Black "Zhila, V.."]
[Result "0-1"]
[WhiteElo "2100"]
[BlackElo "2000"]
[PlyCount "46"]
[EventDate "2003.??.??"]

1. e4 c5 2. Nf3 Nc6 3. d4 cxd4 4. Nxd4 Qb6 5. Nb3 Nf6 6. Nc3 e6 7. Be3 Qc7 8.
a3 a6 9. f4 d6 10. Be2 Be7 11. O-O O-O 12. a4 b6 13. g4 d5 14. exd5 Rd8 15. Bf3
Nb4 16. Bd4 Nfxd5 17. Qd2 Bb7 18. a5 bxa5 19. Nxa5 Bc8 20. Kh1 Rb8 21. Be5 Bd6
22. Bxd6 Rxd6 23. Ra3 Ne3 0-1

[Event "Ukrainian e-mail Cup, the 2nd semifinal"]
[Site "2PFK"]
[Date "2003.??.??"]
[Round "?"]
[White "Omesj, V.."]
[Black "Zhelezny, A.."]
[Result "0-1"]
[WhiteElo "2000"]
[BlackElo "2000"]
[PlyCount "42"]
[EventDate "2003.??.??"]

1. e4 c5 2. Nc3 Nc6 3. g3 g6 4. Bg2 Bg7 5. d3 d6 6. f4 e6 7. Nf3 Nge7 8. O-O
O-O 9. Be3 Nd4 10. Rb1 Bd7 11. Ne2 Nxf3+ 12. Bxf3 Qc7 13. c3 f5 14. d4 fxe4 15.
Bxe4 Bc6 16. Bxc6 Qxc6 17. Bf2 c4 18. Qd2 Nd5 19. g4 Rf7 20. Be3 Qa6 21. a3 Qb6
0-1

[Event "Ukrainian e-mail Cup, the 2nd semifinal"]
[Site "2PFK"]
[Date "2003.??.??"]
[Round "?"]
[White "Saenko, O.."]
[Black "Degteriov, P.."]
[Result "1/2-1/2"]
[WhiteElo "2291"]
[BlackElo "2081"]
[PlyCount "102"]
[EventDate "2003.??.??"]

1. e4 e5 2. Nf3 Nc6 3. Bb5 a6 4. Ba4 Nf6 5. O-O Nxe4 6. Re1 Nc5 7. Bxc6 dxc6 8.
Nxe5 Be7 9. d4 Ne6 10. Be3 O-O 11. Nc3 Bd6 12. Nc4 Bb4 13. a3 Bxc3 14. bxc3 Rb8
15. Ne5 Qd6 16. Nd3 b6 17. Qh5 Qd5 18. Qe5 f6 19. Qg3 Bd7 20. Nf4 Qd6 21. c4
Rf7 22. Ne2 Qxg3 23. Nxg3 Re8 24. c3 Nf8 25. Bf4 Rxe1+ 26. Rxe1 Be6 27. c5 Rd7
28. f3 Bd5 29. cxb6 cxb6 30. Re8 Kf7 31. Rb8 Ne6 32. Be3 b5 33. Ra8 Nc7 34. Ra7
Be6 35. Kf2 g5 36. Ne4 Re7 37. g4 h6 38. Bd2 Kg6 39. Nc5 Bc8 40. a4 h5 41. h3
bxa4 42. Nxa4 Be6 43. Nb2 Rd7 44. Nd3 Bc4 45. Nb2 Be6 46. gxh5+ Kxh5 47. c4 Ne8
48. Rxa6 Rxd4 49. Be3 Rh4 50. Rxc6 Ng7 51. Bc5 Kg6 1/2-1/2

[Event "Ukrainian e-mail Cup, the 2nd semifinal"]
[Site "2PFK"]
[Date "2003.??.??"]
[Round "?"]
[White "Svidlo, A.."]
[Black "Bubir, A.."]
[Result "0-1"]
[WhiteElo "2000"]
[BlackElo "2181"]
[PlyCount "36"]
[EventDate "2003.??.??"]

1. d4 Nf6 2. c4 g6 3. Nc3 Bg7 4. e4 d6 5. Nf3 O-O 6. Be2 e5 7. O-O Nc6 8. d5
Ne7 9. Bd2 Nh5 10. g3 f5 11. exf5 Nxf5 12. g4 Nd4 13. gxh5 Nxe2+ 14. Qxe2 Bg4
15. hxg6 Bxf3 16. gxh7+ Kh8 17. Qd3 Qh4 18. Qg6 e4 0-1

[Event "Ukrainian e-mail Cup, the 2nd semifinal"]
[Site "2PFK"]
[Date "2003.??.??"]
[Round "?"]
[White "Sokolov, V.."]
[Black "Khudoly, K.."]
[Result "1-0"]
[WhiteElo "2000"]
[BlackElo "2100"]
[PlyCount "101"]
[EventDate "2003.??.??"]

1. e4 c6 2. d4 d5 3. e5 Bf5 4. Nf3 e6 5. Be2 c5 6. Be3 Nd7 7. O-O Ne7 8. c4
cxd4 9. Bxd4 dxc4 10. Na3 Be4 11. Nxc4 Nf5 12. Bc3 Rc8 13. Nd6+ Nxd6 14. exd6
Bd5 15. Rc1 Bxd6 16. Bxg7 Rg8 17. Rxc8 Qxc8 18. Bc3 Qc7 19. g3 Nc5 20. Bd4 f5
21. Qc2 Nd7 22. Qd2 f4 23. Rc1 Bc6 24. Kf1 a6 25. Bc4 fxg3 26. hxg3 Bxg3 27.
Re1 Kd8 28. Rxe6 Kc8 29. Rxc6 Qxc6 30. Bxg8 Qxf3 31. Qc3+ Qxc3 32. Bxc3 Bf4 33.
Bxh7 Kc7 34. Ke2 b5 35. Be4 Nc5 36. Kf3 Bc1 37. Bc2 Kd6 38. Kg4 Ne6 39. Kf5 Kd7
40. Ke5 Nf4 41. Bf5+ Kc6 42. Ke4 Nd5 43. Bd7+ Kxd7 44. Kxd5 b4 45. Bd4 Bd2 46.
b3 Be1 47. Bb6 Bd2 48. Bc5 Kc7 49. Ke6 Kc6 50. Be3 Bc3 51. f4 1-0